Départements Limitrophes Du Gard - Statistiques

Statistiques générales
  • Ce quiz a été pris 66 fois
  • Le résultat moyen est 5 sur 6
Statistiques - réponses
Départements % Correct
Hérault
98%
Ardèche
95%
Lozère
92%
Bouches-du-Rhône
91%
Vaucluse
91%
Aveyron
81%
Aucun quiz correspondant
Distribution des résultats
% des personnes avec chaque résultat
Percentile par nombre de réponses
Votre historique - résultats
Vous n’avez pas pris ce quiz